[Event "Madrid Alcorcon op 1st"]
[Site "Madrid"]
[Date "2022.12.29"]
[Round "7"]
[White "Garcia Trabanca, Ana"]
[Black "Prieto Diez, Manuel"]
[Result "1/2-1/2"]
[WhiteElo "1568"]
[BlackElo "1361"]
[PlyCount "97"]
[EventDate "2022.12.26"]
[EventType "swiss"]
[EventRounds "9"]
[EventCountry "ESP"]
[SourceTitle "CBM 212 Extra"]
[Source "ChessBase"]
[SourceDate "2023.03.31"]
[SourceVersion "1"]
[SourceVersionDate "2023.03.31"]
[SourceQuality "1"]

1. d4 Nf6 2. c4 e6 3. Nc3 Bb4 4. Qc2 b6 5. a3 Bxc3+ 6. Qxc3 Bb7 7. Bg5 d5 8. cxd5 Bxd5 9. f3 Bb7 10. Nh3 Nc6 11. Rd1 h6 12. Bxf6 Qxf6 13. e3 0-0-0 14. Rc1 Qh4+ 15. Nf2 Qe7 16. Bd3 f5 17. Bb5 Rd6 18. 0-0 a6 19. Bxc6 Rxc6 20. Qd3 Qg5 21. Nh3 Qe7 22. Rxc6 Bxc6 23. Qxa6+ Bb7 24. Qb5 g5 25. Nf2 h5 26. Qe5 Rh7 27. e4 g4 28. fxg4 hxg4 29. exf5 exf5 30. Qxf5+ Kb8 31. Qe5 Qd7 32. Re1 Ka7 33. b3 Qc6 34. Qe4 Qh6 35. Qe5 g3 36. Ng4 gxh2+ 37. Qxh2 Qg6 38. Qf4 Rg7 39. Ne3 Bxg2 40. Kf2 Rf7 41. Nxg2 Rxf4+ 42. Nxf4 Qc2+ 43. Re2 Qxb3 44. Re3 Qb2+ 45. Ne2 Qb5 46. Rf3 Qd5 47. Rg3 Kb7 48. Rf3 Ka7 49. Re3 1/2-1/2

[Event "Madrid Alcorcon op 1st"]
[Site "Madrid"]
[Date "2022.12.29"]
[Round "8"]
[White "Prieto Diez, Manuel"]
[Black "Anton Ortiz, Carlos"]
[Result "0-1"]
[WhiteElo "1361"]
[BlackElo "1652"]
[PlyCount "70"]
[EventDate "2022.12.26"]
[EventType "swiss"]
[EventRounds "9"]
[EventCountry "ESP"]
[SourceTitle "CBM 212 Extra"]
[Source "ChessBase"]
[SourceDate "2023.03.31"]
[SourceVersion "1"]
[SourceVersionDate "2023.03.31"]
[SourceQuality "1"]

1. e4 c5 2. Nf3 Nc6 3. d4 cxd4 4. Nxd4 e5 5. Nf3 Nf6 6. Bg5 a6 7. Nc3 Bb4 8. a3 Bxc3+ 9. bxc3 Qa5 10. Bd3 Qxc3+ 11. Bd2 Qc5 12. Be3 Qa5+ 13. Bd2 Qc7 14. 0-0 d6 15. h3 0-0 16. c3 Nd8 17. a4 Ne6 18. g3 Nc5 19. Qe2 Nb3 20. Rab1 Nxd2 21. Qxd2 Bxh3 22. Rfd1 Bg4 23. Kg2 Qc6 24. Rb4 Rac8 25. Rc1 Qd7 26. Rh1 a5 27. Rbb1 Bxf3+ 28. Kxf3 Qg4+ 29. Kg2 Nxe4 30. Qc2 f5 31. Qb3+ Kh8 32. Rxh7+ Kxh7 33. Rh1+ Kg6 34. Qe6+ Nf6 35. f3 Qg5 0-1

[Event "Madrid Alcorcon op 1st"]
[Site "Madrid"]
[Date "2022.12.27"]
[Round "3"]
[White "Garcia Santiago, Juan Carlos"]
[Black "Prieto Diez, Manuel"]
[Result "1/2-1/2"]
[WhiteElo "1570"]
[BlackElo "1361"]
[PlyCount "54"]
[EventDate "2022.12.26"]
[EventType "swiss"]
[EventRounds "9"]
[EventCountry "ESP"]
[SourceTitle "CBM 212 Extra"]
[Source "ChessBase"]
[SourceDate "2023.03.31"]
[SourceVersion "1"]
[SourceVersionDate "2023.03.31"]
[SourceQuality "1"]

1. e4 e5 2. Nf3 Nc6 3. Bc4 Nf6 4. Nc3 Bc5 5. a3 d6 6. d3 Bg4 7. Be3 0-0 8. Qd2 Bxe3 9. fxe3 Na5 10. Ba2 b6 11. 0-0-0 Be6 12. Bxe6 fxe6 13. h3 a6 14. Rdf1 c5 15. Ng5 Qe7 16. Rf2 Nh5 17. Nf3 Ng3 18. Rg1 Rf7 19. Ne2 Nxe2+ 20. Qxe2 Raf8 21. Rgf1 b5 22. Nd2 Rxf2 23. Rxf2 Rxf2 24. Qxf2 Qf6 25. Qxf6 gxf6 26. Nf3 Nc6 27. g4 h6 1/2-1/2

[Event "Mostoles op 11th"]
[Site "Mostoles"]
[Date "2022.07.19"]
[Round "3"]
[White "Olmedo Aznar, Eduardo"]
[Black "Prieto Diez, Manuel"]
[Result "1-0"]
[WhiteElo "1773"]
[BlackElo "1322"]
[PlyCount "89"]
[EventDate "2022.07.17"]
[EventType "swiss"]
[EventRounds "9"]
[EventCountry "ESP"]
[SourceTitle "EXT 2024"]
[Source "ChessBase"]
[SourceDate "2023.10.10"]
[SourceVersion "1"]
[SourceVersionDate "2023.10.10"]
[SourceQuality "1"]

1. e4 c5 2. d3 Nc6 3. Nd2 Nf6 4. Ngf3 d6 5. g3 e5 6. Bg2 Bg4 7. c3 Be7 8. 0-0 Qd7 9. Re1 h5 10. h4 0-0 11. Nc4 b5 12. Ne3 Bxf3 13. Bxf3 g6 14. Bg2 Rfe8 15. Qf3 Nh7 16. Nd5 Bd8 17. Kh2 Ne7 18. Bh3 Qb7 19. Ne3 b4 20. Nc4 Qc6 21. Bd2 a5 22. g4 hxg4 23. Bxg4 Kg7 24. h5 Ng8 25. h6+ Kf8 26. Qh3 Ngf6 27. Bf3 Bc7 28. Ne3 Ng5 29. Qg3 Nxf3+ 30. Qxf3 Nh7 31. Nd5 Bd8 32. Rg1 Kg8 33. Rg3 Re6 34. Rag1 Qb7 35. c4 Kh8 36. Qg2 a4 37. f4 exf4 38. Nxf4 Qd7 39. Nxe6 Qxe6 40. e5 Ra7 41. exd6 Qxd6 42. Qd5 Qe7 43. Re1 Qh4+ 44. Kg2 Kg8 45. Re8+ 1-0